Cómo llegar a ser totalmente infeliz y desdichado (Record no. 7608)

MARC details
000 -LEADER
campo de control de longitud fija 01048cac a2200253 a 4500
003 - IDENTIFICADOR DE NÚMERO DE CONTROL
campo de control CO-PeBPM
005 - FECHA Y HORA DE LA ÚLTIMA TRANSACCIÓN
campo de control 20251127130547.0
008 - DATOS DE LONGITUD FIJA--INFORMACIÓN GENERAL
campo de control de longitud fija 231129s1999||||ck a||||||||||||| ||spa||
020 ## - NÚMERO INTERNACIONAL ESTÁNDAR DEL LIBRO
Número Internacional Estándar del Libro 8478082816
040 ## - FUENTE DE CATALOGACIÓN
Centro catalogador/agencia de origen CO-PeBPM
Lengua de catalogación spa
Centro/agencia transcriptor CO-PeBPM
Normas de descripción rda
041 ## - CÓDIGO DE IDIOMA
Código de lengua del texto/banda sonora o título independiente spa
082 04 - NÚMERO DE LA CLASIFICACIÓN DECIMAL DEWEY
Número de clasificación 158.1 F911c
Número de edición 22
100 1# - ENTRADA PRINCIPAL--NOMBRE DE PERSONA
Nombre de persona Friedman, Gil
Término indicativo de función/relación autor
245 #0 - MENCIÓN DEL TÍTULO
Título Cómo llegar a ser totalmente infeliz y desdichado
Mención de responsabilidad, etc. / Gil Friedman; dibujos de interior Leo W. Chiantelli
250 ## - MENCION DE EDICION
Mención de edición Primera edición
260 ## - PUBLICACIÓN, DISTRIBUCIÓN, ETC.
Lugar de publicación, distribución, etc. Barcelona, España
Nombre del editor, distribuidor, etc. : Sirio
Fecha de publicación, distribución, etc. , 1999
300 ## - DESCRIPCIÓN FÍSICA
Extensión 2657 páginas
Otras características físicas ilustraciones en blanco y negro
Dimensiones 21 centimetros
500 ## - NOTA GENERAL
Nota general Incluye índice al final del texto
520 ## - RESUMEN, ETC.
Sumario, etc. Todo cuanto Ud. deseó saber para poder sentirse muy infeliz y desgraciado: esta obra es un manual completo, con sus normas, sus ejercicios, un examen parcial y el examen final.
650 14 - PUNTO DE ACCESO ADICIONAL DE MATERIA--TÉRMINO DE MATERIA
Término de materia o nombre geográfico como elemento de entrada Infeliz
Fuente del encabezamiento o término LEMB
650 14 - PUNTO DE ACCESO ADICIONAL DE MATERIA--TÉRMINO DE MATERIA
Término de materia o nombre geográfico como elemento de entrada Desdichado
Fuente del encabezamiento o término LEMB
942 ## - ELEMENTOS DE ENTRADA SECUNDARIOS (KOHA)
Fuente del sistema de clasificación o colocación Clasificación Decimal Dewey
Tipo de ítem Koha Libros
Holdings
Estatus retirado Estado de pérdida Fuente del sistema de clasificación o colocación Estado de daño No para préstamo Colección Biblioteca de origen Biblioteca actual Ubicación en estantería Fecha de adquisición Fuente de adquisición Total de préstamos Signatura topográfica completa Código de barras Visto por última vez Copia número Precio de reemplazo Tipo de ítem Koha
    Clasificación Decimal Dewey     General BIBLIOTECA PÚBLICA MUNICIPAL RAMON CORREA MEJIA BIBLIOTECA PÚBLICA MUNICIPAL RAMON CORREA MEJIA Colección general 06/10/2010 comprado   158.1 F911c 05694 29/11/2023 Ej. 1 29/11/2023 Libros

Powered by Koha